| 000 | 01231cam a2200133 4500500 | ||
|---|---|---|---|
| 005 | 20260329023210.0 | ||
| 041 | _afre | ||
| 042 | _adc | ||
| 100 | 1 | 0 |
_aLemas, Nicolas _eauthor |
| 245 | 0 | 0 | _aLa guerre de Cent Ans |
| 260 |
_bArmand Colin,
_c2017. |
||
| 520 | _aLa guerre de Cent Ans est un événement essentiel dans la constitution des royaumes de France et d’Angleterre et a marqué de son empreinte les relations entre les deux pays. Cette synthèse donne les clés pour décrypter les raisons, dépeindre le contexte, présenter les acteurs et décrire le déroulement d’un conflit qui dura de 1330 à 1453. L’auteur propose ici un parcours thématique qui envisage la guerre de Cent Ans comme un phénomène global : politique, idéologique, militaire, sociétal... vu aussi bien du côté français qu’anglais. S’appuyant sur de nombreuses sources – officielles, littéraires, iconographiques –, un appareil cartographique, des encadrés et des études de cas, ce volume permet à l’étudiant de construire un exposé, élaborer une dissertation ou rédiger un commentaire de document. | ||
| 856 | 4 | 1 | _uhttps://shs.cairn.info/la-guerre-de-cent-ans--9782200619176?lang=fr&redirect-ssocas=7080 |
| 999 |
_c1925430 _d1925430 |
||